|
|
|
|
| LEADER |
00000nkmaa2200000 a 4500 |
| 001 |
vtls012130882 |
| 003 |
SK-MaSNL |
| 005 |
20260302062258.0 |
| 007 |
kj bo |
| 008 |
230420q1900 xx | ||00 k|ger |
| 035 |
|
|
|a urn:nbn:sk:snk-km00iawx
|
| 035 |
|
|
|a 0CC9A763-321F-49B3-AEC4-50393AE7D364
|
| 040 |
|
|
|a SNKLA
|b slo
|c SNKLA
|e AACR2
|
| 041 |
0 |
|
|a ger
|
| 245 |
0 |
0 |
|a Basilika in München.
|h grafika
|
| 260 |
|
|
|a [S.l.
|b s.n.]
|c [medzi 1900 a 2000?]
|
| 300 |
|
|
|a 1 tlač
|b čb
|c 8 x 11 cm
|
| 500 |
|
|
|a Tlač rytiny je súčasťou zbierky mesta Mníchov. Je na papieri s rozmerom 11 x 15 cm
|
| 520 |
2 |
|
|a Zobrazenie: Dobový pohľad na Opátstvo sv. Bonifáca v Mníchove v Nemecku.
|
| 610 |
2 |
7 |
|a Kloster St. Bonifaz München
|2 SNKLA
|9 220338
|
| 650 |
0 |
7 |
|a rytiny
|2 SNKPH
|9 3153
|
| 650 |
0 |
7 |
|a opátstva
|2 SNKPH
|9 30829
|
| 651 |
|
7 |
|a Mníchov (Nemecko)
|2 SNKPHgeo
|9 24849
|
| 655 |
|
7 |
|a reprodukcie umeleckých diel
|2 SNKPH
|9 70730
|
| 655 |
|
7 |
|a tlače
|2 SNKLA
|9 342720
|
| 700 |
1 |
|
|a Poppel, Johann Gabriel Fridrich,
|d 1807-1882
|4 art
|9 86989
|
| 852 |
|
|
|a Slovenská národná knižnica
|b Literárny archív
|
| 958 |
|
|
|a ZT
|
| 958 |
|
|
|a ONDV
|
| 999 |
|
|
|c 1128704
|d 1130634
|
| 952 |
|
|
|a SNKLA
|b SNKLA
|y NEVYP
|7 0
|p 17A1312381
|o snkLA 3499/1955
|0 0
|1 0
|4 0
|d 2022-04-12
|f 1
|l 0
|r 2026-02-24 18:54:00
|w 2026-02-24
|